<?xml version="1.0" encoding="UTF-8"?><?xml-stylesheet type="text/xsl" href="static/style.xsl"?><OAI-PMH xmlns="http://www.openarchives.org/OAI/2.0/" xmlns:xsi="http://www.w3.org/2001/XMLSchema-instance" xsi:schemaLocation="http://www.openarchives.org/OAI/2.0/ http://www.openarchives.org/OAI/2.0/OAI-PMH.xsd"><responseDate>2026-06-01T19:52:55Z</responseDate><request verb="GetRecord" identifier="oai:riuma.uma.es:10630/31337" metadataPrefix="marc">https://riuma.uma.es/rest/oai/request</request><GetRecord><record><header><identifier>oai:riuma.uma.es:10630/31337</identifier><datestamp>2026-02-03T11:35:28Z</datestamp><setSpec>com_10630_2254</setSpec><setSpec>col_10630_37953</setSpec></header><metadata><record xmlns="http://www.loc.gov/MARC21/slim" xmlns:dcterms="http://purl.org/dc/terms/" xmlns:doc="http://www.lyncode.com/xoai" xmlns:xsi="http://www.w3.org/2001/XMLSchema-instance" xsi:schemaLocation="http://www.loc.gov/MARC21/slim http://www.loc.gov/standards/marcxml/schema/MARC21slim.xsd">
   <leader>00925njm 22002777a 4500</leader>
   <datafield ind2=" " ind1=" " tag="042">
      <subfield code="a">dc</subfield>
   </datafield>
   <datafield ind2=" " ind1=" " tag="720">
      <subfield code="a">Nieto Jiménez, José Carlos</subfield>
      <subfield code="e">author</subfield>
   </datafield>
   <datafield ind2=" " ind1=" " tag="260">
      <subfield code="c">2019-07-31</subfield>
   </datafield>
   <datafield ind2=" " ind1=" " tag="520">
      <subfield code="a">La tramitación parlamentaria de la Ley del referéndum y de la Ley de transitoriedad&#xd;
supuso el inicio de una nueva etapa del «conflicto catalán». Con la aprobación de estas&#xd;
normas de desconexión se consumó el desafío al Estado español y especialmente al&#xd;
Tribunal Constitucional, que había prohibido por cuestiones de fondo la tramitación de&#xd;
iniciativas como las que nos ocuparán. El paso por el Parlamento de estas normas&#xd;
estuvo protagonizada por la actuación la mayoría (absoluta) independentista que cercenó&#xd;
derechos esenciales y articuladores del ius in officium de los diputados de la oposición&#xd;
minoritaria. Estudiaremos qué concretos derechos y facultades fueron vulneradas&#xd;
y como el Tribunal Constitucional, con más o menos acierto, protegió los mismos.</subfield>
   </datafield>
   <datafield ind1="8" ind2=" " tag="024">
      <subfield code="a">“Los derechos de las minorías parlamentarias en el procedimiento legislativo. Análisis del ius in officium en la tramitación de las «leyes de desconexión» de Cataluña”, Estudios de Deusto, volumen 67/1, enero-junio de 2019, págs. 293-314.</subfield>
   </datafield>
   <datafield ind1="8" ind2=" " tag="024">
      <subfield code="a">https://hdl.handle.net/10630/31337</subfield>
   </datafield>
   <datafield ind1="8" ind2=" " tag="024">
      <subfield code="a">10.18543/ed-67(1)-2019pp293-314</subfield>
   </datafield>
   <datafield tag="653" ind2=" " ind1=" ">
      <subfield code="a">Cataluña - Política y gobierno</subfield>
   </datafield>
   <datafield tag="653" ind2=" " ind1=" ">
      <subfield code="a">Poder legislativo</subfield>
   </datafield>
   <datafield tag="653" ind2=" " ind1=" ">
      <subfield code="a">Derecho autonómico</subfield>
   </datafield>
   <datafield tag="653" ind2=" " ind1=" ">
      <subfield code="a">Derecho constitucional</subfield>
   </datafield>
   <datafield ind2="0" ind1="0" tag="245">
      <subfield code="a">Los derechos de las minorías parlamentarias en el procedimiento legislativo. Análisis del ius in officium en la tramitación de las «leyes de desconexión» de Cataluña.</subfield>
   </datafield>
</record>
</metadata></record></GetRecord></OAI-PMH>